Novelizovaný zákon o ochrane zdravia ľudí s dôvodovou správou v úplnom znení
Gespeichert in:
| Weitere Verfasser: | , |
|---|---|
| Format: | Buch |
| Sprache: | Slowakisch |
| Veröffentlicht: |
Bratislava
Epos
2004
|
| Schriftenreihe: | Novelizované zákony s dôvodovými správami v úplnom znení
ročník 3., č. 46/2004 |
| Online-Zugang: | Im OPAC anzeigen |
| Tags: |
Keine Tags, Fügen Sie das erste Tag hinzu!
|
MARC
| LEADER | 00000nam a2200000 a 4500 | ||
|---|---|---|---|
| 005 | 20260127134008.0 | ||
| 008 | 040519e2004 xo g slo c | ||
| 022 | |a 1335-9517 | ||
| 035 | |a vtls008609084 | ||
| 035 | |a SAVUKc203021 | ||
| 039 | 9 | |y 200602040100 |z VLOAD | |
| 040 | |a SAVUK |b slo |c SNK |e AACR2 | ||
| 041 | 1 | |a slo | |
| 044 | |a xo |c SK | ||
| 245 | 1 | 0 | |a Novelizovaný zákon o ochrane zdravia ľudí |b s dôvodovou správou v úplnom znení |c redaktori: Miroslav Mračko, Ľubomír Šebesta |
| 260 | |a Bratislava |b Epos |c 2004 | ||
| 300 | |a 128 s. | ||
| 490 | 1 | |a Novelizované zákony s dôvodovými správami v úplnom znení |v ročník 3., č. 46/2004 | |
| 700 | 1 | |a Mračko, Miroslav |4 edt | |
| 700 | 1 | |a Šebesta, Ľubomír |4 edt | |
| 830 | 0 | |a Novelizované zákony s dôvodovými správami v úplnom znení |v ročník 3., č. 46/2004 | |
| 910 | |a savuk | ||
| 999 | |c 1719 |d 1719 | ||